| 000 | 00931nam a2200265Ia 4500 | ||
|---|---|---|---|
| 008 | 191130s2009##################000#0#eng## | ||
| 020 | _a9780324590043 | ||
| 022 | _a2008927533 | ||
| 040 |
_aACL _cACL |
||
| 082 | _a650.015195 AND | ||
| 100 | _aAnderson, David Ray | ||
| 245 |
_aEssentials of modern business statistics with Microsoft office Excel _cDavid R. Anderson, Dennis J. Sweeney, Thomas A. Williams |
||
| 250 | _a4th ed | ||
| 260 |
_aMason, OH _bSouth-Western Cengage Learning _cc2009 |
||
| 300 | _axxviii, 716 p. : col. ill. ; 26 cm | ||
| 500 | _aIncludes bibliographical references (p. [646]-647) and index | ||
| 650 | _aCommercial statistics | ||
| 650 | _aCommercial statistics - Computer programs | ||
| 650 | _aMicrosoft Excel (Computer file) | ||
| 700 | _aSweeney, Dennis J | ||
| 700 | _aWilliams, Thomas Arthur | ||
| 990 | _ac123147eac10000c0dc915d2d772cae6 | ||
| 991 | _a357419 | ||
| 999 |
_c176992 _d176992 |
||